<?xml version="1.0" encoding="UTF-8"?><?xml-stylesheet type="text/xsl" href="static/style.xsl"?><OAI-PMH xmlns="http://www.openarchives.org/OAI/2.0/" xmlns:xsi="http://www.w3.org/2001/XMLSchema-instance" xsi:schemaLocation="http://www.openarchives.org/OAI/2.0/ http://www.openarchives.org/OAI/2.0/OAI-PMH.xsd"><responseDate>2026-04-14T07:21:05Z</responseDate><request verb="GetRecord" identifier="oai:www.recercat.cat:10459.1/464759" metadataPrefix="marc">https://recercat.cat/oai/request</request><GetRecord><record><header><identifier>oai:recercat.cat:10459.1/464759</identifier><datestamp>2025-09-15T18:07:33Z</datestamp><setSpec>com_2072_3622</setSpec><setSpec>col_2072_479130</setSpec></header><metadata><record xmlns="http://www.loc.gov/MARC21/slim" xmlns:dcterms="http://purl.org/dc/terms/" xmlns:xsi="http://www.w3.org/2001/XMLSchema-instance" xmlns:doc="http://www.lyncode.com/xoai" xsi:schemaLocation="http://www.loc.gov/MARC21/slim http://www.loc.gov/standards/marcxml/schema/MARC21slim.xsd">
   <leader>00925njm 22002777a 4500</leader>
   <datafield ind2=" " ind1=" " tag="042">
      <subfield code="a">dc</subfield>
   </datafield>
   <datafield ind2=" " ind1=" " tag="720">
      <subfield code="a">Daries Ramón, Natalia</subfield>
      <subfield code="e">author</subfield>
   </datafield>
   <datafield ind2=" " ind1=" " tag="720">
      <subfield code="a">Cristóbal Fransi, Eduard</subfield>
      <subfield code="e">author</subfield>
   </datafield>
   <datafield ind2=" " ind1=" " tag="720">
      <subfield code="a">Sánchez García, Javier</subfield>
      <subfield code="e">author</subfield>
   </datafield>
   <datafield ind2=" " ind1=" " tag="720">
      <subfield code="a">Mariné Roig, Estela</subfield>
      <subfield code="e">author</subfield>
   </datafield>
   <datafield ind2=" " ind1=" " tag="260">
      <subfield code="c">2024</subfield>
   </datafield>
   <datafield ind2=" " ind1=" " tag="520">
      <subfield code="a">High-level gastronomy is booming and, in many cases, has become the main purpose for travel. This research aims to investigate the relationships between the performance of high-level restaurants, the affective components they generate, and how they can affect customer behavior both in regard to the restaurant and the destination in which it is located. The empirical work was analyzed by means of a multiple indicators multiple causes model (MIMIC) and structural equation modeling (SEM). The survey was administered to customers who visited Michelin-star restaurants. The main results indicate that enjoyment of the experience and the status it provides are important factors motivating consumers to visit these types of restaurants and that their behavioral intentions can influence their family, friends, acquaintances, and destination. Therefore, it is suggested that restaurant owners and destination managers develop joint strategies beneficial for the gastronomic tourism sector.</subfield>
   </datafield>
   <datafield ind2=" " ind1=" " tag="520">
      <subfield code="a">This study was funded by the Spanish Ministry of Industry, Trade and Tourism, financed by the European Union - Next Generation EU, within the GASTROTUR project [Grant Id. TUR-RETOS2022-017] "Revaluation of destinations through the semiotic aspects of the gastronomic image and the content generated by tourists".</subfield>
   </datafield>
   <datafield tag="653" ind2=" " ind1=" ">
      <subfield code="a">Michelin restaurants</subfield>
   </datafield>
   <datafield tag="653" ind2=" " ind1=" ">
      <subfield code="a">Behavioral intentions</subfield>
   </datafield>
   <datafield tag="653" ind2=" " ind1=" ">
      <subfield code="a">Posturing</subfield>
   </datafield>
   <datafield tag="653" ind2=" " ind1=" ">
      <subfield code="a">MIMIC model</subfield>
   </datafield>
   <datafield tag="653" ind2=" " ind1=" ">
      <subfield code="a">SEM model</subfield>
   </datafield>
   <datafield ind2="0" ind1="0" tag="245">
      <subfield code="a">Customers’ behavioral intentions when visiting upscale restaurants: Enjoying the experience or posturing?</subfield>
   </datafield>
</record></metadata></record></GetRecord></OAI-PMH>